000 00584nam a22001932 4500
001 0000002811
005 20170406114523.0
008 140407s xx 000 0 eng d
020 _c$
040 _aYour Holding Symbol
_cYour Holding Symbol
100 1 _aSimbanegavi Nhongo Josephine.
245 1 0 _aFor better of worse :
_bwomen and zanla in zimbabwe's liberation struggle.
250 _a ed.
260 _aHarare :
_bWeaver press,
_c2000.
300 _a168 p. ;
_c cm.
504 _aBIBLIOGRAPHY.
650 0 _aWOMEN IN WAR ZIMBABWE.
908 _a140407
999 _c2696
_d2696